000 01855cam a22004214i 4500
003 PE-LiUPU
005 20250731183412.0
008 150623s1963 bl r 000 0 spa d
035 _a(Sirsi) a24634
040 _aPE-LiUPU
_bspa
_cPE-LiUPU
_erda
082 0 4 _a783.9
_bC28
_221
110 2 _aCasa Publicadora Brasileira
245 1 0 _aCantai ao Senhor.
264 1 _aSao Paulo, Brasil :
_bCasa publicadora Brasileira,
_c1963.
300 _aPag. varias ;
_c20 centímetros
336 _atext
_2rdacontent
337 _aunmediated
_2rdamedia
338 _avolume
_2rdacarrier
500 _aOtra ed.: 1974; 441 p.
505 0 _aHimnos, Iglesia Adventista del Séptimo día (Portugués).
526 _aP158
526 _aP146
526 _aP17
526 _aP12
526 _aP06
610 2 _aIASD
_xHimnos.
942 _2ddc
_cBOOK
949 _a783.9 C28
_wDEWEY
_c1
_i50749
_lCCODEBUL1
_mBUL
_p30.00
_r0
_sY
_tBOOK
_u2015-06-24
_xTEOLOGIA
_PP35
_0COMPRA
_o.STAFF. ColecciónTeología
949 _a783.9 C28
_wDEWEY
_c2
_i49001
_lCCODEBUL1
_mBUL
_p30.00
_r0
_sY
_tBOOK
_u2015-06-24
_xTEOLOGIA
_PP35
_0COMPRA
_o.STAFF. Colección Teología
949 _a783.9 C28
_wDEWEY
_c3
_i34844
_lCCODEBUL1
_mBUL
_p30.00
_r0
_sY
_tBOOK
_u2015-06-24
_xTEOLOGIA
_PP35
_0COMPRA
_o.STAFF. Colección Teología
596 _a1
999 _a783.9 C28
_wDEWEY
_c28136
_i50749
_lLOST
_mBUL
_r1
_sY
_tBOOK
_u2015-6-24
_xTEOLOGIA
_PP35
_0COMPRA
_o.STAFF. Colección General
_d28136
999 _a783.9 C28
_wDEWEY
_c2
_i49001
_lDISCARD
_mBUL
_r0
_sY
_tBOOK
_u2015-6-24
_xTEOLOGIA
_PP35
_0COMPRA
_o.STAFF. Colección General
999 _a783.9 C28
_wDEWEY
_c3
_i34844
_f2021-11-11
_g5
_lCCODEBUL1
_mBUL
_p30.00
_r0
_sY
_tBOOK
_u2015-6-24
_xTEOLOGIA
_PP35
_0COMPRA
_o.STAFF. Colección Teología
980 _81
_gALBERTO SANCHEZ Responsable de Automatización